书目信息 |
| 题名: |
可靠性概论
|
|
| 作者: | 潘勇 , 黄进永 , 胡宁 编著 | |
| 分册: | ||
| 出版信息: | 北京 电子工业出版社 2015.11 |
|
| 页数: | 18,600页 | |
| 开本: | 24cm | |
| 丛书名: | 可靠性技术丛书 | |
| 单 册: | ||
| 中图分类: | O213.2 | |
| 科图分类: | ||
| 主题词: | 可靠性理论 | |
| 电子资源: | ||
| ISBN: | 978-7-121-27240-0 | |
| 000 | 01132oam2 2200289 450 | |
| 001 | 0400004548 | |
| 005 | 20171024110846.0 | |
| 010 | @a978-7-121-27240-0@dCNY118.00 | |
| 100 | @a20171024d2015 em y0chiy ea | |
| 101 | 0 | @achi |
| 102 | @aCN@b110000 | |
| 105 | @ay z 000yy | |
| 106 | @ar | |
| 200 | 1 | @a可靠性概论@9ke kao xing gai lun@f潘勇,黄进永,胡宁编著 |
| 210 | @a北京@c电子工业出版社@d2015.11 | |
| 215 | @a18,600页@d24cm | |
| 225 | 2 | @a可靠性技术丛书 |
| 304 | @a工业和信息化部电子第五研究所组编 | |
| 330 | @a本书阐述了可靠性的基础理论、常用工程技术方法和主要标准规范,探讨了可靠性工程的若干发展趋势和面临的挑战,并给出了大量的案例。全书共11章,内容覆盖可靠性相关概念、发展历程与趋势、产品的寿命分布、可靠性管理、要求论证、设计分析、试验评价、数据收集及分析评估等技术方法,并讨论了软件和网络可靠性问题,给出了国内/国际常用的可靠性技术标准规范。 | |
| 461 | 0 | @12001 @a可靠性技术丛书 |
| 606 | 0 | @a可靠性理论 |
| 690 | @aO213.2@v5 | |
| 701 | 0 | @a潘勇@9pan yong@4编著 |
| 701 | 0 | @a黄进永@9huang jin yong@4编著 |
| 701 | 0 | @a胡宁@9hu ning@4编著 |
| 801 | 0 | @aCN@b91MARC@c20171024 |
| 905 | @b1038280-4@dO213.2@f5@e10 | |
| 可靠性概论/潘勇,黄进永,胡宁编著.-北京:电子工业出版社,2015.11 |
| 18,600页;24cm.-(可靠性技术丛书) |
| ISBN 978-7-121-27240-0:CNY118.00 |
| 本书阐述了可靠性的基础理论、常用工程技术方法和主要标准规范,探讨了可靠性工程的若干发展趋势和面临的挑战,并给出了大量的案例。全书共11章,内容覆盖可靠性相关概念、发展历程与趋势、产品的寿命分布、可靠性管理、要求论证、设计分析、试验评价、数据收集及分析评估等技术方法,并讨论了软件和网络可靠性问题,给出了国内/国际常用的可靠性技术标准规范。 |
| ● |
| 相关链接 |
|
|
|
|
正题名:可靠性概论
索取号:O213.2/10
 
预约/预借
| 序号 | 登录号 | 条形码 | 馆藏地/架位号 | 状态 | 备注 |
| 1 | 1038280 | 210382806 | 第二样本阅览室/ [索取号:O213.2/10] | 在馆 | |
| 2 | 1038281 | 210382815 | 密集书库-数信学院/ [索取号:O213.2/10] | 在馆 | |
| 3 | 1038282 | 210382824 | 第三借阅区/ [索取号:O213.2/10] | 在馆 | |
| 4 | 1038283 | 210382833 | 第三借阅区/ [索取号:O213.2/10] | 在馆 | |
| 5 | 1038284 | 210382842 | 第三借阅区/ [索取号:O213.2/10] | 在馆 |